000 01856nam a22003737a 4500
005 20120125103416.0
008 100518t xxu||||| |||| 00| 0 hin d
010 _a
020 _c140.00
035 _a B-154736
035 _a B-154740
035 _a B-154760
035 _a B-154766
035 _a B-154741
037 _bDBAD / VEN
037 _bपेन्सी बुक्स/VEN
040 _aDPL
_bHN
082 _a000
245 _aआर.आर.बीः सहायक स्टेशन मास्टर (ASM) भर्ती परीक्षा
_bहल प्रश्न-पत्र
246 _aR.R.B:
_bHall Prashn-patr
260 _aनोएडा
_bक्रॉनिकल बुक्स
_c2005
270 _aए-26, सेक्टर-2
_bनोएडा
_e201301
300 _a212पृ
_c25सेमी (अजिल्द)
500 _a50 सेट्स
650 _aसामान्य ज्ञान
_918498
650 _aGeneral knowlege
_918499
942 _2ddc
_cHN
_mआरआ
_h000
999 _c61469
_d61469